Statystyki dla Wszystkie smaki kabanosów Tarczyński

Kliknij tutaj aby rozwiązać quiz!

Ogólne statystyki

  • Ten quiz został rozwiązany 20 razy
  • Średni wynik to 14 z 38

Statystyki odpowiedzi

RodzajeSmaki% Poprawnych
ExclusiveChilli
100%
Exclusive paluszkiChilli
100%
ExclusiveSerowe
100%
SelectWieprzowe
73%
Exclusive goWieprzowe
73%
KlasyczneWieprzowe
73%
Exclusive paluszkiWieprzowe
73%
ExtraWieprzowe
73%
ExclusiveWieprzowe
73%
KlasyczneDrobiowe
67%
ExtraDrobiowe
67%
Exclusive goDrobiowe
67%
ExclusiveDrobiowe
67%
Exclusive paluszkiDrobiowe
67%
ExclusiveWołowe
53%
ExtremeJalapeño
33%
Exclusive paluszki100% z kurczaka
27%
Exclusive100% z kurczaka
27%
ExclusiveBekonowe
27%
ExclusiveZ indyka
27%
NadzianeCzosnek
20%
Exclusive paluszki100% z szynki
13%
Exclusive100% z szynki
13%
Rośl-inne3 ziarna
13%
ExclusiveChilli&ser
13%
ExtremePiri piri
13%
Rośl-innePiri piri
13%
NadzianeBarbecue
7%
ExclusiveCheddar
7%
NadzianeCheddar
7%
ExclusiveCielęce
7%
Rośl-inneOryginalne
7%
NadzianeSuszone pomidory
7%
ExclusiveDojrzewające
0%
ExclusiveSpicy chicken
0%
BitesWędzone
0%
StixWędzone
0%
Exclusive paluszkiZ indyka z wieprzowiną
0%

Rozkład punktacji

Percentyl według liczby udzielonych odpowiedzi

Procent ludzi z każdym wynikiem

Twoja historia wyników

Nie rozwiązałeś tego quizu